000 01038nam a22002297a 4500
999 _c64674
_d64674
005 20240530110744.0
008 181119s2014 ua adf g b 000 0 ara d
017 _a2014/14326
_bمصر. دار الكتب
020 _a9789779018850
040 _aEG-CaGPL
_cEG-CaGPL
082 0 4 _221
_a953.122 /
_bس ع
100 0 _aسلطان محمد صالح محمد الزمزمى
245 1 0 _aعمارة العين الزرقاء بالمدينة المنورة منذ صدر الاسلام حتى نهاية العصر العثمانى /
_cسلطان محمد صالح محمد الزمزمى
250 _aط.1
260 _aالقاهرة :
_c2014.
_bسلطان محمد صالح محمد الزمزمى،
300 _a266 ص. :
_bايض ؛
_c24 سم.
504 _aيشتمل على ارجاعات ببليوجرافية
650 0 7 _2qrmak
_aالعين الزرقاء
_zالمدينة المنورة
_xعمارة
651 0 7 _2qrmak
_aالمدينة المنورة
942 _2ddc
_cBK